[Event "Madrid Codes op 6th"]
[Site "Madrid"]
[Date "2012.04.15"]
[Round "1.6"]
[White "Pindado del Carmen, Eliseo"]
[Black "Rodriguez Vignote, Javier"]
[Result "0-1"]
[WhiteElo "1618"]
[BlackElo "1923"]
[PlyCount "62"]
[EventDate "2012.04.15"]
[EventType "swiss"]
[EventRounds "9"]
[EventCountry "ESP"]
[SourceTitle "EXT 2024"]
[Source "ChessBase"]
[SourceDate "2023.10.10"]
[SourceVersion "1"]
[SourceVersionDate "2023.10.10"]
[SourceQuality "1"]

1. e4 c5 2. Nf3 Nc6 3. d4 cxd4 4. Nxd4 g6 5. Be3 Bg7 6. Be2 Nf6 7. Nc3 0-0 8. f3 d5 9. Nxc6 bxc6 10. exd5 cxd5 11. Bd4 Bb7 12. Qd2 a6 13. Na4 e5 14. Bb6 Qd7 15. Qb4 d4 16. Bc5 Nd5 17. Qa3 Rfc8 18. 0-0-0 Rc6 19. Rd3 Qc7 20. Qb3 Nf4 21. Rd2 Bh6 22. Kb1 Nxg2 23. Rd3 Nf4 24. Rd2 Ne6 25. Rdd1 Nxc5 26. Nxc5 Rxc5 27. Rhf1 Rc8 28. Bd3 Bd5 29. Qa4 Ra5 30. Qxa5 Qxa5 31. b3 Qa3 0-1

[Event "Madrid-ch sf-B"]
[Site "Madrid"]
[Date "2012.03.23"]
[Round "2"]
[White "Rodriguez Vignote, Javier"]
[Black "Munoz Cebey, Ricardo"]
[Result "1/2-1/2"]
[WhiteElo "1923"]
[BlackElo "2061"]
[PlyCount "51"]
[EventDate "2012.03.22"]
[EventType "swiss"]
[EventRounds "9"]
[EventCountry "ESP"]
[SourceTitle "EXT 2013"]
[Source "ChessBase"]
[SourceDate "2012.11.22"]
[SourceVersion "1"]
[SourceVersionDate "2012.11.22"]
[SourceQuality "1"]

1. Nf3 d5 2. d4 Nf6 3. c4 dxc4 4. e3 e6 5. Bxc4 c5 6. 0-0 a6 7. dxc5 Qxd1 8. Rxd1 Bxc5 9. Be2 Nbd7 10. Nbd2 b6 11. Nb3 Be7 12. Nfd4 Bb7 13. f3 0-0 14. e4 Rfd8 15. Be3 Rac8 16. Nd2 Bc5 17. Nc4 Kf8 18. Kf2 h6 19. g4 Ke7 20. a3 Kf8 21. b4 Be7 22. Nb3 b5 23. Nca5 Ba8 24. Rac1 Ke8 25. Nd4 Ne5 26. h3 1/2-1/2

[Event "Madrid-ch prel-B"]
[Site "Madrid"]
[Date "2012.02.04"]
[Round "3.6"]
[White "Rodriguez Vignote, Javier"]
[Black "Merino Araguas, Jose Javier"]
[Result "1-0"]
[WhiteElo "1923"]
[BlackElo "1842"]
[PlyCount "57"]
[EventDate "2012.02.02"]
[EventType "swiss"]
[EventRounds "9"]
[EventCountry "ESP"]
[SourceTitle "EXT 2024"]
[Source "ChessBase"]
[SourceDate "2023.10.10"]
[SourceVersion "1"]
[SourceVersionDate "2023.10.10"]
[SourceQuality "1"]

1. Nf3 Nf6 2. c4 c6 3. d4 d5 4. Qc2 e6 5. g3 Nbd7 6. Bg2 Bd6 7. 0-0 0-0 8. Nbd2 Re8 9. b3 e5 10. cxd5 cxd5 11. dxe5 Nxe5 12. Bb2 Qc7 13. Qxc7 Bxc7 14. Rac1 Bd6 15. Bxe5 Bxe5 16. Nxe5 Rxe5 17. e3 Bd7 18. Nf3 Ree8 19. Rc7 Bc6 20. Bh3 Rf8 21. Nd4 Ne8 22. Re7 Nd6 23. Nxc6 bxc6 24. Rc1 Rfd8 25. Rxc6 a5 26. Rcc7 a4 27. bxa4 Rxa4 28. Red7 Raa8 29. Bg2 1-0

[Event "Madrid-ch prel-B"]
[Site "Madrid"]
[Date "2012.02.02"]
[Round "1.4"]
[White "Rodriguez Vignote, Javier"]
[Black "Yeves Miquel, Enrique"]
[Result "1/2-1/2"]
[WhiteElo "1923"]
[BlackElo "1716"]
[PlyCount "156"]
[EventDate "2012.02.02"]
[EventType "swiss"]
[EventRounds "9"]
[EventCountry "ESP"]
[SourceTitle "EXT 2024"]
[Source "ChessBase"]
[SourceDate "2023.10.10"]
[SourceVersion "1"]
[SourceVersionDate "2023.10.10"]
[SourceQuality "1"]

1. d4 d5 2. Nf3 c6 3. c4 Nf6 4. Qc2 e6 5. g3 Nbd7 6. Bg2 dxc4 7. Qxc4 Bd6 8. 0-0 0-0 9. Nc3 Qc7 10. Bd2 e5 11. Rac1 a6 12. Ng5 exd4 13. Qxd4 Be5 14. Qd3 Qd6 15. Qc2 Qe7 16. h4 h6 17. Nf3 Bc7 18. Nd4 Nb6 19. Nf5 Bxf5 20. Qxf5 Nc4 21. Rc2 Rad8 22. Bc1 Nd6 23. Qc5 Rfe8 24. Re1 Nde4 25. Nxe4 Nxe4 26. Qxe7 Rxe7 27. Rc4 Nd2 28. Rc2 Red7 29. e4 Rd3 30. Bxd2 Rxd2 31. Re2 Rxc2 32. Rxc2 Rd1+ 33. Bf1 Rd4 34. Re2 f6 35. Bh3 Rd8 36. Be6+ Kf8 37. Kg2 Ke7 38. Bf5 a5 39. Kf3 c5 40. Rc2 b6 41. a3 Be5 42. Ke2 Rd4 43. f4 Bb8 44. h5 Bd6 45. Rd2 Rxd2+ 46. Kxd2 c4 47. Kc3 Bc5 48. Kxc4 Bf2 49. Kb5 Kd6 50. b3 Kc7 51. e5 fxe5 52. fxe5 Bxg3 53. e6 Bd6 54. a4 Bc5 55. Kc4 Kd6 56. Bg4 Ke5 57. Kb5 Kd6 58. Ka6 Kc7 59. Be2 Bb4 60. Bc4 Bc5 61. Kb5 Bb4 62. Bd5 Ba3 63. Bc6 Bb4 64. Bd7 Ba3 65. Kc4 Kd6 66. Kd4 Bc5+ 67. Ke4 Bb4 68. Kf5 Ke7 69. Ke5 Bc5 70. Kd5 Kf6 71. Kc6 g6 72. hxg6 Kxg6 73. Be8+ Kf6 74. Kd7 Bb4 75. Bh5 Bc5 76. Bf7 Ba3 77. Kc6 Bc5 78. Kb5 Ke7 1/2-1/2

[Event "Madrid Villaverde op 16th"]
[Site "Madrid"]
[Date "2011.11.16"]
[Round "3"]
[White "Rodriguez Vignote, Javier"]
[Black "Martinez Miura, Enrique"]
[Result "1-0"]
[WhiteElo "1922"]
[BlackElo "1713"]
[PlyCount "51"]
[EventDate "2011.11.14"]
[EventType "swiss"]
[EventRounds "8"]
[EventCountry "ESP"]
[SourceTitle "EXT 2013"]
[Source "ChessBase"]
[SourceDate "2012.11.22"]
[SourceVersion "1"]
[SourceVersionDate "2012.11.22"]
[SourceQuality "1"]

1. d4 e6 2. c4 d5 3. Nf3 h6 4. g3 Nf6 5. Bg2 Be7 6. 0-0 0-0 7. Qc2 c6 8. Nbd2 Nbd7 9. e4 dxe4 10. Nxe4 Nxe4 11. Qxe4 Nf6 12. Qe2 Re8 13. Rd1 Bf8 14. Ne5 Nd7 15. Bf4 Nxe5 16. dxe5 Qc7 17. Be4 Qe7 18. Rd2 f5 19. exf6 Qxf6 20. Be5 Qf7 21. Qd3 Bb4 22. Bg6 Qf8 23. Rdd1 Re7 24. Bd6 Bxd6 25. Qxd6 Rd7 26. Qxe6+ 1-0

[Event "Madrid Oliver Gonzalez Memorial 2nd"]
[Site "Madrid"]
[Date "2011.10.09"]
[Round "2"]
[White "Padin Lazaro, Jose Manuel"]
[Black "Rodriguez Vignote, Javier"]
[Result "1-0"]
[WhiteElo "1737"]
[BlackElo "1934"]
[PlyCount "75"]
[EventDate "2011.10.08"]
[EventType "swiss"]
[EventRounds "9"]
[EventCountry "ESP"]
[SourceTitle "CBM 144 Extra"]
[Source "ChessBase"]
[SourceDate "2011.10.28"]
[SourceVersion "1"]
[SourceVersionDate "2011.10.28"]
[SourceQuality "1"]

1. e4 e6 2. d4 d5 3. Nc3 Nf6 4. Bg5 dxe4 5. Nxe4 Be7 6. Bxf6 Bxf6 7. Nf3 Nd7 8. Bd3 c5 9. c3 cxd4 10. Nxf6+ Nxf6 11. Nxd4 0-0 12. 0-0 e5 13. Nb3 Qc7 14. Qc2 Be6 15. Bf5 Bd5 16. Nd2 g6 17. Ne4 Nh5 18. Bh3 f5 19. Nd2 Nf4 20. c4 Rac8 21. b3 Qe7 22. f3 b5 23. Rae1 bxc4 24. bxc4 Nxh3+ 25. gxh3 Qc5+ 26. Kg2 e4 27. Rc1 exf3+ 28. Nxf3 Bxc4 29. Rf2 Qa3 30. Qd1 Rfd8 31. Qe1 Re8 32. Rxc4 Rxe1 33. Rxc8+ Kg7 34. Nxe1 Qe3 35. Nf3 g5 36. Rd2 g4 37. Rd7+ Kh6 38. Rc6+ 1-0

[Event "Madrid Oliver Gonzalez Memorial 2nd"]
[Site "Madrid"]
[Date "2011.10.09"]
[Round "3"]
[White "Rodriguez Vignote, Javier"]
[Black "Gonzalez Lopez, Sergio"]
[Result "1-0"]
[WhiteElo "1934"]
[BlackElo "1815"]
[PlyCount "109"]
[EventDate "2011.10.08"]
[EventType "swiss"]
[EventRounds "9"]
[EventCountry "ESP"]
[SourceTitle "CBM 144 Extra"]
[Source "ChessBase"]
[SourceDate "2011.10.28"]
[SourceVersion "1"]
[SourceVersionDate "2011.10.28"]
[SourceQuality "1"]

1. Nf3 Nf6 2. c4 c5 3. Nc3 Nc6 4. g3 g6 5. Bg2 Bg7 6. d4 cxd4 7. Nxd4 0-0 8. 0-0 e6 9. Ndb5 Ne8 10. Be3 a6 11. Nd4 Qc7 12. Nxc6 bxc6 13. Qd2 Rb8 14. b3 f5 15. Rac1 Qa5 16. Rfd1 Rf7 17. Na4 Qxd2 18. Rxd2 d5 19. cxd5 cxd5 20. Rdc2 Bd7 21. Nc5 Bc8 22. Nd3 Bd7 23. Bf4 Ra8 24. h4 Bf6 25. f3 Re7 26. Be5 Bxe5 27. Nxe5 Ra7 28. e4 Kg7 29. exd5 exd5 30. f4 Nf6 31. Rd1 Ne4 32. Kh2 Be6 33. Rdc1 Bd7 34. Bf1 Be8 35. Rd1 Nf6 36. Bg2 Bf7 37. Rc6 Re6 38. Rdc1 Rae7 39. Rxe6 Rxe6 40. Rc7 Ng4+ 41. Nxg4 fxg4 42. Bxd5 Rf6 43. Kg2 Kf8 44. Rxf7+ Rxf7 45. Bxf7 Kxf7 46. Kf2 Ke6 47. Ke3 Kd5 48. a3 a5 49. b4 axb4 50. axb4 Kc4 51. Ke4 Kxb4 52. f5 Kc5 53. fxg6 hxg6 54. Kf4 Kd6 55. Kg5 1-0

[Event "Madrid Codes Memorial 5th"]
[Site "Madrid"]
[Date "2011.06.05"]
[Round "8"]
[White "Rodriguez Vignote, Javier"]
[Black "Cano Cabanillas, Javier"]
[Result "1/2-1/2"]
[WhiteElo "1915"]
[BlackElo "1893"]
[PlyCount "28"]
[EventDate "2011.04.10"]
[EventType "swiss"]
[EventRounds "9"]
[EventCountry "ESP"]
[SourceTitle "EXT 2013"]
[Source "ChessBase"]
[SourceDate "2012.11.22"]
[SourceVersion "1"]
[SourceVersionDate "2012.11.22"]
[SourceQuality "1"]

1. c4 Nf6 2. Nc3 g6 3. d4 d5 4. cxd5 Nxd5 5. e4 Nxc3 6. bxc3 Bg7 7. Bg5 c5 8. Rc1 0-0 9. Nf3 Bg4 10. d5 Qa5 11. Qd2 Bxf3 12. gxf3 Re8 13. Bh3 Na6 14. 0-0 Rad8 1/2-1/2

[Event "Madrid-ch Previa-A"]
[Site "Madrid"]
[Date "2010.11.17"]
[Round "5"]
[White "Rodriguez Vignote, Javier"]
[Black "Fernandez Aransay, Fernando"]
[Result "1-0"]
[WhiteElo "1904"]
[BlackElo "1925"]
[PlyCount "89"]
[EventDate "2010.11.10"]
[EventType "swiss"]
[EventRounds "9"]
[EventCountry "ESP"]
[SourceTitle "EXT 2012"]
[Source "ChessBase"]
[SourceDate "2011.11.24"]
[SourceVersion "1"]
[SourceVersionDate "2011.11.24"]
[SourceQuality "1"]

1. d4 Nf6 2. c4 e6 3. Nc3 Bb4 4. e3 0-0 5. Bd3 b6 6. Nge2 Bb7 7. 0-0 Ng4 8. h3 Nh6 9. e4 Qh4 10. a3 Bd6 11. e5 Be7 12. Nf4 Nf5 13. Bxf5 exf5 14. g3 Qh6 15. Kh2 Bg5 16. Ncd5 Na6 17. Qc2 d6 18. h4 dxe5 19. dxe5 Bxf4 20. Bxf4 Qe6 21. Rad1 Rac8 22. b4 c5 23. b5 Nc7 24. Nxc7 Rxc7 25. Rd6 Qc8 26. Rfd1 Ba8 27. Qd3 Qb7 28. Qf1 h6 29. e6 fxe6 30. Rxe6 Rd7 31. Red6 Rxd6 32. Rxd6 Re8 33. Rd5 Kh7 34. Qd3 Rf8 35. Bd6 Rf6 36. Be5 Rf7 37. f4 Qe7 38. Rd8 Qb7 39. Qd5 Qxd5 40. cxd5 Bb7 41. h5 c4 42. d6 a6 43. a4 axb5 44. axb5 Bd5 45. d7 1-0

[Event "Madrid Codes Memorial 4th"]
[Site "Madrid"]
[Date "2010.06.06"]
[Round "8"]
[White "Cano Cabanillas, Javier"]
[Black "Rodriguez Vignote, Javier"]
[Result "1/2-1/2"]
[WhiteElo "1966"]
[BlackElo "1896"]
[PlyCount "76"]
[EventDate "2010.04.18"]
[EventType "swiss"]
[EventRounds "9"]
[EventCountry "ESP"]
[SourceTitle "CBM 136 Extra"]
[Source "ChessBase"]
[SourceDate "2010.07.02"]
[SourceVersion "2"]
[SourceVersionDate "2010.07.15"]
[SourceQuality "1"]

1. e4 e6 2. d4 d5 3. Nd2 Nf6 4. e5 Nfd7 5. Bd3 c5 6. c3 Nc6 7. Ne2 cxd4 8. cxd4 f6 9. Nf4 Nxd4 10. Qh5+ Ke7 11. exf6+ Nxf6 12. Ng6+ hxg6 13. Qxh8 Kf7 14. Qh4 e5 15. Nf3 Nxf3+ 16. gxf3 Bf5 17. Bxf5 gxf5 18. Bg5 Qa5+ 19. Kf1 g6 20. Bxf6 Qa6+ 21. Kg2 Qxf6 22. Qa4 Qe6 23. Rac1 Bd6 24. Rhd1 d4 25. Qb5 Rb8 26. f4 a6 27. Qb6 Qd5+ 28. Kg1 Re8 29. fxe5 Bxe5 30. Qb3 Qxb3 31. axb3 Rd8 32. Rd3 Ke6 33. h3 Kd5 34. Kg2 Ke4 35. Rcd1 Rc8 36. R1d2 Rc6 37. Rf3 f4 38. Re2+ Kf5 1/2-1/2

[Event "Madrid Codes Memorial 4th"]
[Site "Madrid"]
[Date "2010.05.09"]
[Round "4"]
[White "Rodriguez Vignote, Javier"]
[Black "Martin Garcia, Francisco Javier"]
[Result "1-0"]
[WhiteElo "1896"]
[BlackElo "1557"]
[PlyCount "73"]
[EventDate "2010.04.18"]
[EventType "swiss"]
[EventRounds "9"]
[EventCountry "ESP"]
[SourceTitle "CBM 136 Extra"]
[Source "ChessBase"]
[SourceDate "2010.07.02"]
[SourceVersion "2"]
[SourceVersionDate "2010.07.15"]
[SourceQuality "1"]

1. d4 Nf6 2. Bf4 d5 3. e3 e6 4. Nd2 Nbd7 5. Ngf3 Be7 6. Bd3 0-0 7. Ne5 c6 8. Qf3 c5 9. c3 Qb6 10. Rb1 cxd4 11. exd4 Bd6 12. Qh3 Qd8 13. Nxf7 Rxf7 14. Bxd6 Nf8 15. Be5 Ng6 16. Bxg6 hxg6 17. Qg3 Nd7 18. Nf3 Nxe5 19. Nxe5 Rf6 20. Nxg6 b6 21. 0-0 Rf5 22. Qh4 Ba6 23. Ne7+ Kf8 24. Nxf5 exf5 25. Qh8+ Kf7 26. Qh5+ g6 27. Qh7+ Kf6 28. Rfe1 f4 29. Qh4+ g5 30. Qh6+ Kf7 31. Re5 Bd3 32. Rbe1 Be4 33. f3 Bg6 34. Rxg5 Qd6 35. Rf5+ Kg8 36. Ree5 Rd8 37. Rxd5 1-0

[Event "Madrid-ch sf-B"]
[Site "Madrid"]
[Date "2010.01.30"]
[Round "9"]
[White "Rodriguez Vignote, Javier"]
[Black "Cardena Contreras, Javier"]
[Result "1-0"]
[WhiteElo "1891"]
[BlackElo "1899"]
[PlyCount "120"]
[EventDate "2010.01.08"]
[EventType "swiss"]
[EventRounds "9"]
[EventCountry "ESP"]
[SourceTitle "CBM 134 Extra"]
[Source "ChessBase"]
[SourceDate "2010.03.03"]
[SourceVersion "1"]
[SourceVersionDate "2010.03.03"]
[SourceQuality "1"]

1. d4 d5 2. c4 e6 3. Nc3 c6 4. Nf3 Nf6 5. e3 Nbd7 6. Qc2 Bd6 7. Bd3 dxc4 8. Bxc4 0-0 9. 0-0 e5 10. Rd1 exd4 11. Rxd4 Nb6 12. Be2 Qc7 13. Ne4 Nxe4 14. Qxe4 Nd5 15. Bd2 Nf6 16. Qd3 Be7 17. Rc1 Bg4 18. h3 Bh5 19. Be1 Rad8 20. Rxd8 Rxd8 21. Qb3 Nd5 22. Rd1 Bf6 23. Nd4 Bxe2 24. Nxe2 Re8 25. Qc2 Qe5 26. Nc3 Nb6 27. Qd3 h6 28. Qd6 Qh5 29. f3 Nc4 30. Qd7 Re7 31. Qd8+ Kh7 32. Qd3+ Qg6 33. Qxc4 Rxe3 34. Qf1 Be7 35. Kh1 Bd6 36. Bf2 Re6 37. Ne4 Bb8 38. Nc5 Rd6 39. Rxd6 Qxd6 40. Qd3+ Qxd3 41. Nxd3 b6 42. Bd4 f6 43. Kg1 Kg6 44. Be3 Kf5 45. g4+ Ke6 46. Bf4 Bxf4 47. Nxf4+ Ke5 48. Ne2 Kd5 49. Kf2 Kc4 50. Ke3 c5 51. f4 b5 52. h4 g6 53. g5 fxg5 54. fxg5 hxg5 55. hxg5 a5 56. Nf4 b4 57. Nxg6 a4 58. Ne5+ Kd5 59. Nd3 a3 60. b3 Kd6 1-0